[Event "Cap d'Agde Cavalier op"]
[Site "Cap d'Agde"]
[Date "2008.10.29"]
[Round "5"]
[White "Fournier, Camille"]
[Black "Staller, Ecco"]
[Result "1-0"]
[WhiteElo "2030"]
[BlackElo "1900"]
[PlyCount "91"]
[EventDate "2008.10.25"]
[EventType "swiss"]
[EventRounds "9"]
[EventCountry "FRA"]
[SourceTitle "EXT 2010"]
[Source "ChessBase"]
[SourceDate "2010.11.25"]
[SourceVersion "1"]
[SourceVersionDate "2010.11.25"]
[SourceQuality "1"]

1. d4 d5 2. Nf3 c6 3. c4 e6 4. e3 Nd7 5. Nc3 Ngf6 6. Qc2 Be7 7. e4 dxe4 8. Nxe4 Nxe4 9. Qxe4 Nf6 10. Qc2 0-0 11. Bd3 Re8 12. 0-0 b6 13. Bf4 Bb7 14. Rad1 Qc8 15. Qe2 c5 16. Bb1 g6 17. Ne5 cxd4 18. Rxd4 Bc5 19. Rdd1 Bf8 20. a3 Bg7 21. h3 Qc5 22. b4 Qe7 23. Rd2 Rad8 24. Rfd1 Rxd2 25. Qxd2 Nh5 26. Bh2 Nf6 27. Bc2 Rc8 28. Bb3 Bf8 29. Bf4 Ne4 30. Qd7 Rc7 31. Qxe7 Rxe7 32. Rd8 g5 33. Bc1 f6 34. Nd7 Rf7 35. f3 Ng3 36. Bb2 Nh5 37. g4 Nf4 38. Nxf6+ Rxf6 39. Bxf6 Bxf3 40. Be7 Ng6 41. Bxf8 Nxf8 42. c5 bxc5 43. bxc5 Kg7 44. Ba4 e5 45. c6 Ne6 46. c7 1-0